| 000 | 00820cam a22002774a 4500 | ||
|---|---|---|---|
| 008 | |||
| 020 | _a1861563345 (pbk.) | ||
| 049 | _aMAIN | ||
| 090 | 0 |
_aRC280.C6 _bCAN |
|
| 245 | 0 | 0 |
_aColorectal cancer / _cedited by Elaine Swan. |
| 260 |
_aLondon : _bWhurr publishers, _c2005. |
||
| 300 |
_ax, 181 p. : _bill. ; _c25 cm. |
||
| 504 | _aIncludes bibliographical references. | ||
| 500 | _aIncludes index. | ||
| 650 | 0 |
_aColon (Anatomy) _xCancer. |
|
| 650 | 0 |
_aRectum _xCancer. |
|
| 650 | 1 | 2 |
_aColorectal Neoplasms _xdiagnosis. |
| 650 | 2 | 2 | _aColorectal Neoplasms. |
| 650 | 2 | 2 |
_aDiagnostic Imaging _xmethods. |
| 700 | 1 | _aSwan, Elaine. | |
| 907 |
_a.b10296438 _b08-12-11 _c17-05-11 |
||
| 003 | |||
| 005 | 20230120204102.0 | ||
| 040 | _cNUST | ||
| 942 |
_cBOOKS _kRC280.C6 _mCAN |
||
| 999 |
_c116834 _d116834 |
||